Heidi / (Registro nro. 9027)

Detalles MARC
000 -LIDER
fixed length control field 00712nam a22002657a 4500
001 - NÚMERO DE CONTROL
Identificador de número de control 0074
003 - IDENTIFICACDOR DE NÚMERO DE CONTROL
control field DO-SdBNP
005 - DATE AND TIME OF LATEST TRANSACTION
control field 20180130104934.0
007 - CAMPOS FIJOS DE DESCRIPCIÓN FÍSICA
fixed length control field 0074
008 - ELEMENTOS DE LONGITUD FIJA
fixed length control field 151207b sp 1976 xxu||||| |||| 00| 0 spa d
020 ## - ISBN
International Standard Book Number 8420103047
040 ## - FUENTE DE CATALOGACIÓN
Agencia que crea de manera original el registro BPMSU
Idioma de catalogación spa
Agencia que realiza la transcripción BPMSU
092 ## - LOCALLY ASSIGNED DEWEY DECIMAL CALL NUMBER
Número de clasificación xxxxxxxx
Número de ítem (Cutter) xxxxxxxx
100 10 - ASIENTO PRINCIPAL -- NOMBRE PERSONAL
Nombre personal Spyri, Juana
245 10 - MENCIÓN DE TITULO
Título Heidi /
Mención de responsabilidad Juana Spyri ; ilustración José Llovera
250 ## - MENCIÓN DE EDICION
Mención de edición 16a ed.
260 ## - PUBLICACIÓN, DISTRIBUCIÓN, ETC. (PIE DE IMPRENTA)
Lugar de publicación, distribución, etc Barcelona :
Nombre del editor, distribuidor, etc. AFHA Internacional,
Fecha de publicación, distribución, etc 1976
300 ## - DESCRIPCIÓN FÍSICA
Extensión 152 p. :
Otros detalles físicos il.,
Dimensiones 21 cm.
490 10 - MENCIÓN DE SERIES
Mención de serie Nuevo auriga
Volume/sequential designation 1
700 10 - ASIENTO SECUNDARIO -- NOMBRE PERSONAL
Nombre personal Llovera, José,
Mención de responsabilidad il.
830 00 - ASIENTO SECUNDARIO DE SERIE--TÍTULO UNIFORME
Título uniforme Nuevo auriga
Número de la parte o sección de una obra 1
942 ## - ADDED ENTRY ELEMENTS (KOHA)
Source of classification or shelving scheme Dewey Decimal Classification
Koha item type Libros
945 ## - INFORMACIÓN DE PROCESAMIENTO LOCAL
Información de procesamiento local Invetariado extranjero / 2018 VM
956 ## - LOCAL ELECTRONIC LOCATION AND ACCESS (OCLC)
Nombre de host Brenda Tavárez
Existencias
Withdrawn status Lost status Source of classification or shelving scheme Damaged status Not for loan Collection code Home library Current library Date acquired Source of acquisition Total Checkouts Barcode Date last seen Price effective from Koha item type
    Dewey Decimal Classification     Colección General Biblioteca Pública Metropolitana Salomé Ureña Biblioteca Pública Metropolitana Salomé Ureña 12/07/2015 Donación   BPMSU15120060 12/07/2015 12/07/2015 Libros